| 000 | 00000nam##2200000za#4500 |
| 001 | 9.640841 |
| 003 | CaOODSP |
| 005 | 20210624222852 |
| 007 | cr ||||||||||| |
| 008 | 150407|2009||||xxc|||||o f|0| 0 fre|d |
| 040 | |aCaOODSP|bfre |
| 043 | |an-cn--- |
| 086 | 1 |aE84-33/2009F-PDF |
| 110 | 1 |aCanada.|bDroits et Démocratie (Centre international des droits de la personne et du développement démocratique) |
| 245 | 10|aAvis juridique : |h[ressource électronique]|ble droit à la propriété sous l'angle des droits humains / |c[par] Christophe Golay et Ioana Cismas; [publié conjointement par] ADH, Genève, Académie de droit international humanitaire et de droits humains à Genève. |
| 260 | |aMontréal - Québec : |bDroits et Démocratie (Centre international des droits de la personne et du développement démocratique) |c[2009]. |
| 300 | |a37p. |
| 590 | |a12-39-Supp|b2012-10-11 |
| 720 | 1 |aGolay, Christophe |
| 720 | 1 |aCismas, Ioana |
| 775 | 08|tLegal opinion : |w(CaOODSP)9.696733 |
| 856 | 40|ahttp://publications.gc.ca|qPDF|s1021 Ko|uhttps://publications.gc.ca/collections/collection_2012/dd-rd/E84-33-2009-fra.pdf |